Loading...
| History - European | 0 | 8 | 0 | 0 | 80 | 40 | 56.50 | 4 | 7 | 0.00 | 0.00 |
| History - American | 0 | 6 | 0 | 1 | 60 | 19 | 59.67 | 2 | 3 | 0.00 | 0.00 |
| History - Other | 0 | 5 | 0 | 0 | 50 | 36 | 73.40 | 1 | 3 | 0.00 | 0.00 |
| History - World | 0 | 5 | 1 | 1 | 45 | 39 | 64.00 | 1 | 3 | 0.00 | 0.00 |
| Religion | 0 | 3 | 0 | 2 | 30 | 63 | 106.67 | 0 | 1 | 0.00 | 0.00 |
| Science - Other | 0 | 2 | 0 | 1 | 20 | 88 | 100.00 | 0 | 0 | 0.00 | 0.00 |
| Current Events | 0 | 2 | 1 | 0 | 15 | 32 | 41.50 | 1 | 2 | 0.00 | 0.00 |
| Social Science | 0 | 1 | 0 | 0 | 10 | 60 | 60.00 | 0 | 1 | 0.00 | 0.00 |
| Literature - American | 0 | 1 | 0 | 0 | 10 | 45 | 45.00 | 0 | 0 | 0.00 | 0.00 |
| Mythology | 0 | 1 | 0 | 0 | 10 | 46 | 46.00 | 0 | 1 | 0.00 | 0.00 |
| Popular Culture | 0 | 1 | 0 | 0 | 10 | 36 | 36.00 | 0 | 1 | 0.00 | 0.00 |
| Science - Physics | 0 | 1 | 0 | 1 | 10 | 113 | 113.00 | 0 | 1 | 0.00 | 0.00 |